<?xml version="1.0" encoding="UTF-8"?>
<record
    xmlns:xsi="http://www.w3.org/2001/XMLSchema-instance"
    xsi:schemaLocation="http://www.loc.gov/MARC21/slim http://www.loc.gov/standards/marcxml/schema/MARC21slim.xsd"
    xmlns="http://www.loc.gov/MARC21/slim">

  <leader>02477nam a22002657a 4500</leader>
  <datafield tag="999" ind1=" " ind2=" ">
    <subfield code="c">40709</subfield>
    <subfield code="d">40709</subfield>
  </datafield>
  <controlfield tag="003">BI-BuBU</controlfield>
  <controlfield tag="008">191112b2018    bd ||||fr|||| 000 0 eng d</controlfield>
  <datafield tag="037" ind1=" " ind2=" ">
    <subfield code="b">Don de l'auteur</subfield>
  </datafield>
  <datafield tag="039" ind1=" " ind2=" ">
    <subfield code="a">20191112115840.0</subfield>
    <subfield code="b">Marie Goretti Ndayizeye</subfield>
  </datafield>
  <datafield tag="040" ind1=" " ind2=" ">
    <subfield code="a">BI-BuBU</subfield>
    <subfield code="b">fre</subfield>
    <subfield code="c">BI-BuBU</subfield>
    <subfield code="d">BI-BuBU</subfield>
  </datafield>
  <datafield tag="041" ind1="0" ind2=" ">
    <subfield code="a">eng</subfield>
  </datafield>
  <datafield tag="080" ind1=" " ind2=" ">
    <subfield code="a">820.</subfield>
  </datafield>
  <datafield tag="100" ind1="1" ind2=" ">
    <subfield code="4">aut.</subfield>
    <subfield code="a">Rukundo, Willy</subfield>
  </datafield>
  <datafield tag="245" ind1="1" ind2="4">
    <subfield code="a">The theme of devotion in Fran&#xE7;is Selormey's the narrow path</subfield>
    <subfield code="c">by Rukundo Willy; Nganyu, Dominic Nformi, Supervisor</subfield>
  </datafield>
  <datafield tag="260" ind1=" " ind2=" ">
    <subfield code="a">Bujumbura</subfield>
    <subfield code="b">University of Burundi, Institute for Applied Pedagogy</subfield>
    <subfield code="c">2018</subfield>
  </datafield>
  <datafield tag="300" ind1=" " ind2=" ">
    <subfield code="a">V-54 f.</subfield>
    <subfield code="c">30 cm.</subfield>
  </datafield>
  <datafield tag="500" ind1=" " ind2=" ">
    <subfield code="a">A thesis submitted in partial fulfilment of the Requirements for the award of the degree " Licence en P&#xE9;dagogie Appliqu&#xE9;e,Agr&#xE9;g&#xE9; de l' Enseignement Secondaire en Anglais"</subfield>
  </datafield>
  <datafield tag="520" ind1=" " ind2=" ">
    <subfield code="a">RESUME,

The present work sets out to examine the theme of devotion in Francis Selormey's the narrawow puth.It investigates the need for workers to commit themselves to their professions.This is done through the exploration of Nani's devotion to his profession in the novel under study.it also attempts to highlight different challenges to his devotion,and the consequences of his devotion as well.Written against the background of psychoanalytical approach,this writer situates the analysis of the novel within the context of post-colonial period of Ghana by means of the attitudes most people expressed towards their work.Basing our arguments on Selormey's the narrow path,this work is written based on the hypothesis that devotion requires to put puplic interests above the personal ones.
This study determines how the devotee willingly accepts to sacrifice  his own interests including his family and his life.The devotee accepts to let the ego win over the id.Readers of this work would learn that despite the difficult challenges in one's profession,a devoted spitit always finds the way out.This work recommends to professionals in general and teachers in particular to be pround of their profession,to set good examples in terms of bihaviour towards their works and to sacrifice their time,energy,money,even their life for the welfare of their schools by any possible means.
</subfield>
  </datafield>
  <datafield tag="650" ind1=" " ind2="7">
    <subfield code="2">BI-BuBU</subfield>
    <subfield code="a">Selormey (Fran&#xE7;is)." The narrow path"</subfield>
    <subfield code="x">D&#xE9;vouement (th&#xE8;me)</subfield>
  </datafield>
  <datafield tag="655" ind1=" " ind2="7">
    <subfield code="2">BI-BuBU</subfield>
    <subfield code="a">M&#xE9;moire</subfield>
  </datafield>
  <datafield tag="700" ind1="1" ind2=" ">
    <subfield code="4">dir.</subfield>
    <subfield code="a">Nganyu, Domonic Nformi</subfield>
  </datafield>
  <datafield tag="710" ind1=" " ind2=" ">
    <subfield code="a">University of Burundi</subfield>
    <subfield code="b">Institute for Applied Pedagogy</subfield>
  </datafield>
  <datafield tag="942" ind1=" " ind2=" ">
    <subfield code="2">udc</subfield>
    <subfield code="c">MEM</subfield>
  </datafield>
  <datafield tag="952" ind1=" " ind2=" ">
    <subfield code="0">0</subfield>
    <subfield code="1">0</subfield>
    <subfield code="2">udc</subfield>
    <subfield code="4">0</subfield>
    <subfield code="7">1</subfield>
    <subfield code="9">63404</subfield>
    <subfield code="b">BC</subfield>
    <subfield code="d">2019-11-12</subfield>
    <subfield code="e">Don de l' auteur</subfield>
    <subfield code="l">0</subfield>
    <subfield code="o">820.RUK.2018</subfield>
    <subfield code="p">5010000498641</subfield>
    <subfield code="r">2019-11-12</subfield>
    <subfield code="t">1</subfield>
    <subfield code="w">2019-11-12</subfield>
    <subfield code="y">MEM</subfield>
    <subfield code="a">BC</subfield>
  </datafield>
</record>
